01112nam a2200253 a 450000100100000000500170001000800410002704000250006808200190009310000320011224500480014426000480019230000210024049000400026150000420030150000540034365000310039783000470042804900090047595201180048495201170060295201220071999900170084100001781120240412074248.0100406s1944 dr 000 0 spa d aDO-SdBNPbspacBNPHU aRD868.3bD353p1 aDeligne, Gastón F.93870710aPáginas olvidadas /cGastón F. Deligne. aCiudad Trujillo :bEditora Montalvo,c1944. a307 p. ;c25 cm.0 aColección E. Rodríguez Demorizi aIncluye notas al pie de las páginas aCentenario de la República Dominicana 1844-1944 0aLiteratura dominicana.967 0aColección E. Rodríguez Demorizi938708 aBNPD 00107-18PDaGRbGRcOId2019-08-08iLF1l0oRD868.3 D353pp17811-30r2020-06-25w2020-06-25yLFPDZNo se presta 0010718PDaPDbPDcCTd2010-04-06iLF1l0oRD868.3 D353pp17811-10r2020-06-25w2020-06-25yLFPDZNo se presta 0010718PDaPDbPDcCTd2010-04-06iLF1l0oRD868.3 D353pp17811-20r2020-06-25te.2w2020-06-25yLFPDZNo se presta c17336d17336